Restaurant Chain Menu Items Quiz Stats

Quiz Updated Feb 16, 2015

Challenge
Share
Tweet
Embed
Score 0/20 Timer 06:00
1 Play Today
Menu Item Restaurant % Correct
Big MacMcDonald's
99.2%
WhopperBurger King
95%
Caramel FrappuccinoStarbucks
86.5%
BlizzardDairy Queen
84%
Doritos LocosTaco Bell
83%
BaconatorWendy's
78.5%
DunkaccinoDunkin' Donuts
77.9%
Italian B.M.T.Subway
77.3%
Grand Slam BreakfastDenny's
74.8%
P'ZonePizza Hut
63.1%
Menu Item Restaurant % Correct
Jumbo JackJack in the Box
60.3%
Cheddar Bay BiscuitsRed Lobster
60.2%
Famous BowlKFC
51.6%
Chocolate Thunder from Down UnderOutback Steakhouse
49.2%
Jack Daniel's ChickenT.G.I. Friday's
43.1%
Crazy BreadLittle Caesar's
43%
ThickburgerHardee's
39.8%
TimbitsTim Horton's
35.7%
Jamocha ShakeArby's
33.2%
Rooty Tooty Fresh 'N FruityIHOP
31.6%

You're not logged in!

Compare scores with friends on all Sporcle quizzes.
Sign Up with Email
OR
Log In

You Might Also Like...

Show Comments

Extras

Top Quizzes Today


Score Distribution

Your Account Isn't Verified!

In order to create a playlist on Sporcle, you need to verify the email address you used during registration. Go to your Sporcle Settings to finish the process.